000 01094nam a22003497a 4500
001 0007308
003 KOHA_MİRAKIL
005 20260207001553.0
007 ta
008 090916b2006 tu |||gr||||#||||0|tur |
020 _a9757207624
_c0,01
040 _aTR-BiSEU
_btur
_cTR-BiSEU
_erda
041 0 _atur
044 _ctu
050 _aQL537
_b.K63 2006
100 1 _aKoç, Hasan.
245 1 _aAydın ili tipulidae familyası türlerinin faunustik ve ekolojik yönden incelemesi/
_cHasan Koç ; Hasan Koç .
264 1 _aMuğla :
_bMuğla Üniversitesi
_c2006
300 _a182 sayfa: resimli, harita; 24 cm.
336 _ametin
_btxt
_2rdacontent
337 _aaracısız
_bn
_2rdamedia
338 _acilt
_bnc
_2rdacarrier
490 1 _aMuğla Üniversitesi Yayınları ;
_vno.
490 1 _a61.
490 1 _aRektörlük Yayınları ;
_v40.
500 _aKaynakça var.
650 0 _aİki kanatlılar.
_918183
830 1 _aMuğla Üniversitesi Yayınları ;
_vno.
_97790
830 1 _a61.
_96986
830 1 _aRektörlük Yayınları ;
_v40.
_918184
942 _2lcc
_cBK
999 _c7287
_d7287